Statistics for Which Country Is Bigger?

Click here to take the quiz!

General Stats

  • This quiz has been taken 73 times
  • The average score is 6 of 15

Answer Stats

QuestionAnswer% Correct
Which Is The Largest Country?Chad
59%
Which Is The Largest Country?Brazil
57%
Which Is The Largest Country?Tuvalu
54%
Which Is The Largest Country?Egypt
48%
Which Is The Largest Country?France
48%
Which Is The Largest Country?Sao Tome
46%
Which Is The Largest Country?Switzerland
45%
Which Is The Largest Country?Jordan
41%
Which Is The Largest Country?Tonga
39%
Which Is The Largest Country?Saudi Arabia
38%
Which Is The Largest Country?Grenada
25%
Which Is The Largest Country?Iran
25%
Which Is The Largest Country?Georgia
21%
Which Is The Largest Country?Djibouti
18%
Which Is The Largest Country?Burundi
9%

Score Distribution

Percentile by Number Answered

Percent of People with Each Score

Your Score History

You have not taken this quiz